00636nam a22001457a 4500003000400000082001800004100002200022245023000044260004500274300000700319650002400326942001200350952011100362999001700473SGT a617.645bC25M aMehlawat, Rachita aChange in knowledgent, attitude and practice of pediatricians about infant oral health and early childhood caries in children including with special healthcare needs after dental health education program in South-West Delhi  aGurugram, HaryanabSGT University c2024 a79 aPediatric Dentistry 2ddccTH 00102ddc405171aFDbFDd2025-03-24iSGTUl0o617.645 C25MpDT2193r2025-03-24 00:00:00w2025-03-24yTH c30406d30406